Normal view
MARC view
- AISHA ABBAS
Entry Personal Name
001 - CONTROL NUMBER
- control field: 72785
003 - CONTROL NUMBER IDENTIFIER
- control field: NUST
005 - DATE AND TIME OF LATEST TRANSACTION
- control field: 20210628204911.0
008 - FIXED-LENGTH DATA ELEMENTS
- fixed length control field: 210628|| aca||aabn | a|a d
040 ## - CATALOGING SOURCE
- Original cataloging agency: NUST
- Transcribing agency: NUST
100 ## - HEADING--PERSONAL NAME
- Personal name: AISHA ABBAS
670 ## - SOURCE DATA FOUND
- Source citation: Work cat.: (NUST): AISHA ABBAS, , TH-SOF-0743-AN ASSESSMENT OF DESIGN PROCESS AND COMPET, 2001
